000 00600cam a22002171 4500
001 sa 63003050
003 DLC
005 20260227111939.0
008 861222s1962 ii a 000 0 eng
010 _asa 63003050
025 _aPL480:I-E-1555
035 _a(OCoLC)14998638
040 _aDLC
_cWaU
_dDLC
042 _apremarc
050 0 0 _aDS480.85
_b.C45
100 1 _aChari, A. S. R.
245 0 0 _aSino-Indian border dispute.
260 _aNew Dehli,
_bIndian Association for Afro-Asian Solidarity
_c[1962]
300 _a43 p.
_billus.
_c22 cm.
650 0 _aSino-Indian Border Dispute, 1957-
999 _c54875
_d54875